Länder, die Deutschland am nächsten liegen (keine Nachbarländer!) - Statistiken

Allgemein
  • Dieses Quiz wurde 418 mal gespielt
  • Das Durchschnittsergebnis liegt bei 29 aus 32
Antwortstatistiken
Hint Antwort % Korrekt
73 km Schweden
99%
327 km Norwegen
98%
118 km Slowenien
98%
32 km Italien
97%
691 km Finnland
96%
33 km Liechtenstein
96%
358 km Russland
95%
224 km Slowakei
95%
668 km Spanien
95%
295 km Vereinigtes Königreich
95%
221 km Kroatien
94%
637 km Estland
93%
586 km Ukraine
93%
220 km Ungarn
93%
498 km Lettland
92%
460 km Litauen
92%
975 km Griechenland
91%
480 km Serbien
91%
829 km Bulgarien
89%
822 km Irland
89%
617 km Vatikanstadt
89%
572 km Belarus
88%
331 km Bosnien und Herzegowina
88%
421 km Monaco
88%
559 km Rumänien
88%
750 km Albanien
87%
759 km Kosovo
87%
858 km Nordmazedonien
87%
388 km San Marino
87%
719 km Andorra
86%
637 km Montenegro
85%
895 km Moldawien
78%
Keine übereinstimmenden Quizze gefunden
Verteilung der Resultate
Anzahl Personen mit jedem Resultat
Perzentil nach korrekt beantworteten Fragen
Ihre Resultats-Entwicklung
Sie haben dieses Quiz noch nicht gespielt